| 000 | 00546nam a2200169 a 4500 | ||
|---|---|---|---|
| 001 | 000041458 | ||
| 005 | 20201002034916.0 | ||
| 008 | 131007s1971 sp a 000 0 spa d | ||
| 040 |
_aDO-SdBNP _bspa _cBNPHU |
||
| 082 |
_axxxx _bxxx |
||
| 100 | 1 |
_aMenzel, Roderich _968129 |
|
| 240 | 1 | 0 |
_aSportregeln _gdie jeder kenen sollte |
| 245 | 1 | 0 |
_aReglas deportivas : _bque todos debieran conocer. / _cRoderich Menzel; traducción, J. Arnal. |
| 260 |
_aValencia : _bVilamala, _c1971. |
||
| 300 |
_a48 p. : _bil. ; _c19 cm. |
||
| 700 | 1 |
_aArnal, J. _etrad. _968130 |
|
| 999 |
_c40948 _d40948 |
||